000 00665nam a2200229 i 4500
001 17389
003 ES-MaACL
005 20230906151553.0
007 t|
008 010301s2000 sp ||||1| spa d
020 _a84-8018-183-4
080 _a821.134.2-14"19"
100 1 _aOrtega Parra, Joaquín.
_987486
245 1 0 _aEn rojo carmesí
_b: (cien poemas de amor: antología) /
_cJoaquín Ortega Parra.
250 _a1ª ed.
260 _aAlicante :
_bAguaclara,
_c2000.
300 _a130 p. ;
_c22 cm.
490 1 _aAnaquel poesía ;
_v58
830 0 _aAnaquel poesía ;
_v58
_9192154
852 _aES-MaACL
_jL-24336
_bR.129483
999 _c17389
_d17389